[Event "POL-chT3"]
[Site "Jastrzebia Gora POL"]
[Date "2015.??.??"]
[Round "4.16"]
[White "Swic, Waldemar"]
[Black "Karbowiak, Adam"]
[Result "1-0"]
[WhiteElo "2345"]
[BlackElo "2153"]
[EventDate "2015.??.??"]
[WhiteTitle "FM"]
[BlackTitle "k+"]

1.Nf3 Nf6 2.c4 g6 3.b4 Bg7 4.Bb2 O-O 5.d3 d6 6.g3 e5 7.Bg2 a6 8.O-O Nc6 9.
a3 h6 10.Nc3 Be6 11.e4 Nd4 12.Nxd4 exd4 13.Ne2 c5 14.Nf4 Bg4 15.Bf3 Bxf3 
16.Qxf3 Qd7 17.bxc5 dxc5 18.a4 Rab8 19.Ba3 g5 20.Nd5 Nxd5 21.exd5 b5 22.
axb5 axb5 23.Bxc5 Rfc8 24.Ba7 Rb7 25.c5 Rxa7 26.c6 Qc7 27.d6 Qb6 28.Rxa7 
Qxa7 29.c7 Rxc7 30.dxc7 Qxc7 31.Rb1 Qb6 32.Qd5 b4 33.Rc1 Qg6 34.Rc8+ Kh7 
35.Qc4 Qf5 36.Rb8 Qf3 37.Rxb4 Qd1+ 38.Kg2 g4 39.Qxf7 Qxd3 40.Rb7 Qe4+ 41.
Kf1 Qd3+ 42.Kg1 Qg6 43.Qxg6+ Kxg6 44.Kf1 h5 45.Ke2 h4 46.Ke1 1-0

[Event "POL-chT3"]
[Site "Jastrzebia Gora POL"]
[Date "2015.??.??"]
[Round "4.17"]
[White "Krainski, Slawomir"]
[Black "Gradowski, Jacek"]
[Result "1-0"]
[WhiteElo "2124"]
[BlackElo "2137"]
[EventDate "2015.??.??"]
[WhiteTitle "k"]
[BlackTitle "I+"]

1.d4 Nf6 2.Bf4 e6 3.e3 c5 4.Nf3 Qb6 5.Na3 cxd4 6.Nc4 Qb4+ 7.c3 dxc3 8.bxc3
Qxc3+ 9.Nfd2 Nc6 10.Rc1 Qb4 11.a3 Qe7 12.Nd6+ Kd8 13.N2c4 Ne8 14.Qd2 f6 
15.Nxe8 Qxe8 16.Bd6 Qg6 17.f3 Qh5 18.Rd1 Ne5 19.Nxe5 fxe5 20.Bb5 Bxd6 21.
Qxd6 Qh4+ 22.Ke2 Qe7 23.Qxe5 Qf6 24.Qc5 Qe7 25.Rd6 b6 26.Qd4 Rb8 27.Rc1 
Rb7 28.Qc3 Qxd6 29.Qxc8+ Ke7 30.Qxb7 Rd8 31.a4 Qxh2 32.Kf2 Qe5 33.Rc2 Qf5 
34.Rd2 e5 35.Qxa7 e4 36.Qxb6 exf3 37.Qd6+ Ke8 38.Rd5 Qg4 39.Re5+ Kf7 40.
Qe7+ Kg6 41.gxf3 1-0

[Event "POL-chT3"]
[Site "Jastrzebia Gora POL"]
[Date "2015.??.??"]
[Round "4.18"]
[White "Antolak, Julia"]
[Black "Pacuszka, Wioletta"]
[Result "1/2-1/2"]
[WhiteElo "1945"]
[BlackElo "1943"]
[EventDate "2015.??.??"]
[WhiteTitle "k+"]
[BlackTitle "I+"]

1.e4 c5 2.Nf3 e6 3.d4 cxd4 4.Nxd4 a6 5.Be2 Qc7 6.O-O Nf6 7.Nc3 d6 8.f4 Nc6
9.Be3 Bd7 10.Kh1 Be7 11.Qe1 Nxd4 12.Bxd4 e5 13.Be3 Bc6 14.Bf3 b5 15.a3 O-O
16.Qg3 Kh8 17.Rad1 Rab8 18.Nd5 Bxd5 19.exd5 e4 20.Bg4 Nxg4 21.Qxg4 f5 22.
Qe2 Bf6 23.c3 Qc4 24.Qf2 Qc7 25.Rg1 Qd7 26.Qe2 Rbc8 27.Rc1 Rc4 28.h3 Qf7 
29.Rcd1 Rfc8 30.g4 g6 31.Rg2 Rg8 32.Qf2 Qc7 33.Rdg1 Rf8 34.Qd2 Qf7 35.Rd1 
Bg7 36.Qe2 Bf6 37.a4 Ra8 38.Rgg1 Qd7 39.Rg2 Qf7 40.g5 Bg7 41.h4 Kg8 42.h5 
Rac8 43.a5 Qb7 1/2-1/2

[Event "POL-chT3"]
[Site "Jastrzebia Gora POL"]
[Date "2015.??.??"]
[Round "4.19"]
[White "Krysztofiak, Marcin"]
[Black "Brzezinski, Mateusz"]
[Result "1/2-1/2"]
[WhiteElo "2392"]
[BlackElo "2125"]
[EventDate "2015.??.??"]
[WhiteTitle "IM"]
[BlackTitle "I++"]

1.c4 f5 2.Nf3 Nf6 3.d4 e6 4.Nc3 d5 5.Bf4 c6 6.e3 Bd6 7.Bxd6 Qxd6 8.Ne5 
Nbd7 9.f4 O-O 10.Be2 b6 11.O-O Bb7 12.Rc1 Rac8 13.Qa4 a6 14.b4 b5 15.c5 
Qc7 16.Qb3 Nxe5 17.fxe5 Ne4 18.Nxe4 fxe4 19.Rxf8+ Rxf8 20.Rf1 Rxf1+ 21.
Bxf1 Bc8 22.a4 Bd7 23.Qa2 Bc8 24.a5 Bd7 25.Qf2 Qd8 26.h4 Qf8 27.Be2 Qxf2+ 
28.Kxf2 Kf7 29.Kg3 Ke7 30.Kf4 Be8 31.g4 h6 32.Bd1 Bf7 33.Be2 Be8 34.Bd1 
Bf7 35.g5 Be8 36.Be2 Bf7 37.Bd1 Be8 38.Be2 Bf7 39.Bd1 Be8 1/2-1/2

[Event "POL-chT3"]
[Site "Jastrzebia Gora POL"]
[Date "2015.??.??"]
[Round "4.20"]
[White "Kujawski, Adam"]
[Black "Grabarczyk, Miroslaw"]
[Result "1/2-1/2"]
[WhiteElo "2277"]
[BlackElo "2442"]
[EventDate "2015.??.??"]
[WhiteTitle "k"]
[BlackTitle "GM"]

1.e4 e5 2.f4 exf4 3.Nf3 Ne7 4.Qe2 Ng6 5.d4 Be7 6.Nc3 c6 7.Bd2 d6 8.O-O-O 
Bg4 9.h3 Bh5 10.Qf2 Bh4 11.Nxh4 Qxh4 12.Qxh4 Nxh4 13.Be2 Bxe2 14.Nxe2 g5 
15.g3 fxg3 16.Nxg3 h6 17.Nf5 Nxf5 18.exf5 Kd7 19.h4 Na6 20.hxg5 hxg5 21.
Bxg5 Nc7 22.Bf6 Rxh1 23.Rxh1 Nd5 24.Rh7 Rf8 25.Bh4 Ne3 26.Rh5 Rg8 27.Bf2 
Nd5 28.Rh7 Ke8 29.c4 Nf6 30.Rh3 Ne4 31.Be3 d5 32.cxd5 cxd5 33.Bf4 Rg1+ 34.
Kc2 Rg2+ 35.Kb3 Rf2 36.Be5 Kd7 37.Rh5 a6 38.f6 Rf3+ 39.Kc2 Ke6 40.Rh8 Rf2+
41.Kb3 Nxf6 1/2-1/2

[Event "POL-chT3"]
[Site "Jastrzebia Gora POL"]
[Date "2015.??.??"]
[Round "4.21"]
[White "Borgula, Rafal"]
[Black "Mazalon, Mariusz"]
[Result "1-0"]
[WhiteElo "2267"]
[BlackElo "2040"]
[EventDate "2015.??.??"]
[WhiteTitle "FM"]
[BlackTitle "k"]

1.d4 Nf6 2.Nf3 g6 3.c4 Bg7 4.Nc3 O-O 5.e4 c6 6.Be2 d5 7.e5 Ne4 8.O-O Nxc3 
9.bxc3 dxc4 10.Bxc4 c5 11.h3 Nc6 12.Qa4 Bd7 13.Qa3 Na5 14.Be2 cxd4 15.cxd4
Be6 16.Qa4 Bd5 17.Be3 a6 18.Rfc1 b5 19.Qa3 e6 20.Bg5 Qb6 21.Qe3 Rfc8 22.
Nh2 Rc6 23.Ng4 Rac8 24.Bh6 Bh8 25.Rxc6 Nxc6 26.Rc1 Qd8 27.Bg5 Qe8 28.Qf4 
Rb8 29.Bf3 Rc8 30.Bxd5 exd5 31.Bf6 Bg7 32.Bxg7 Kxg7 33.Qh6+ Kh8 34.Nf6 1-0

[Event "POL-chT3"]
[Site "Jastrzebia Gora POL"]
[Date "2015.??.??"]
[Round "4.22"]
[White "Stoppel, Mariusz"]
[Black "Robak, Zbigniew"]
[Result "1/2-1/2"]
[WhiteElo "2034"]
[BlackElo "2192"]
[EventDate "2015.??.??"]
[WhiteTitle "I+"]
[BlackTitle "m"]

1.e4 c5 2.Nf3 d6 3.d4 cxd4 4.Qxd4 Nc6 5.Bb5 Bd7 6.Bxc6 Bxc6 7.Nc3 Nf6 8.
Bg5 e6 9.O-O-O Be7 10.Rhe1 O-O 11.Kb1 Rc8 12.h3 b5 13.e5 dxe5 14.Qxa7 Ra8 
15.Rxd8 Rxa7 16.Rxf8+ Kxf8 17.Nxe5 Bxg2 18.Nxb5 Rb7 19.a4 h6 20.Bh4 g5 21.
Bg3 Ne4 22.Rd1 Nxg3 23.fxg3 Bxh3 24.c4 Bf5+ 25.Kc1 f6 26.Nc6 Bc5 27.Rd8+ 
Kg7 28.a5 Be4 29.Ncd4 Re7 30.a6 e5 31.Ne2 Be3+ 32.Kd1 Bb6 33.Rd6 Bc5 34.
Rd8 Bb6 35.Rd6 Bc5 36.Rd8 Bb6 37.Rd6 Bc5 38.Rd8 Bb6 39.Rd6 Bc5 40.Rd8 Bb6 
1/2-1/2

[Event "POL-chT3"]
[Site "Jastrzebia Gora POL"]
[Date "2015.??.??"]
[Round "4.23"]
[White "Konieczynski, Piotr"]
[Black "Wisniewski, Szymon"]
[Result "1/2-1/2"]
[WhiteElo "1975"]
[BlackElo "1847"]
[EventDate "2015.??.??"]
[WhiteTitle "I++"]
[BlackTitle "I+"]

1.d4 Nf6 2.Nf3 g6 3.c4 c5 4.Nc3 cxd4 5.Nxd4 Bg7 6.e4 d6 7.Be2 O-O 8.O-O 
Nc6 9.Be3 Bd7 10.Rc1 a6 11.f3 Nxd4 12.Bxd4 Bc6 13.Qd2 Qa5 14.Qe3 Nd7 15.
Bxg7 Kxg7 16.a3 Rac8 17.Rfd1 Nf6 18.Qd4 Qg5 19.b4 b5 20.cxb5 Bxb5 21.Bxb5 
axb5 22.Ne2 h5 23.Rc3 h4 24.Rdc1 Rxc3 25.Rxc3 Ra8 26.Kf2 Kh7 27.Qe3 Qe5 
28.Kg1 d5 29.Qc5 Rb8 30.Qc7 Qxc7 31.Rxc7 dxe4 32.Rxe7 Kg8 33.fxe4 Ra8 34.
e5 Nd5 35.Rb7 Rxa3 36.Rxb5 Re3 37.Rxd5 Rxe2 38.Kf1 Rb2 39.Rd8+ Kg7 40.Rb8 
h3 41.gxh3 Rxh2 1/2-1/2

[Event "POL-chT3"]
[Site "Jastrzebia Gora POL"]
[Date "2015.??.??"]
[Round "4.24"]
[White "Mackiewicz, Anna"]
[Black "Weglarz, Joanna"]
[Result "1/2-1/2"]
[WhiteElo "1955"]
[BlackElo "2004"]
[EventDate "2015.??.??"]
[WhiteTitle "k+"]
[BlackTitle "k"]

1.d4 d5 2.c4 e6 3.Nc3 Be7 4.Nf3 Nf6 5.Bg5 O-O 6.e3 h6 7.Bh4 Ne4 8.Bxe7 
Qxe7 9.Rc1 c6 10.Nxe4 dxe4 11.Ne5 Nd7 12.Nxd7 Bxd7 13.Qc2 f5 14.Be2 Rac8 
15.O-O e5 16.dxe5 Qxe5 17.c5 Be6 18.Bc4 Rcd8 19.Rfd1 Kh8 20.Bxe6 Qxe6 21.
b4 Qf6 22.a4 Rxd1+ 23.Rxd1 Rd8 24.Rxd8+ Qxd8 25.Kf1 Qc7 26.g3 Qe5 27.b5 
Qd5 28.Ke1 Qe5 29.Qc4 Qa1+ 30.Ke2 Qb2+ 31.Ke1 Qa1+ 32.Ke2 Qb2+ 33.Ke1 Qa1+
34.Ke2 1/2-1/2

[Event "POL-chT3"]
[Site "Jastrzebia Gora POL"]
[Date "2015.??.??"]
[Round "4.25"]
[White "Kumala, Aleksander"]
[Black "Janaszak, Dawid"]
[Result "0-1"]
[WhiteElo "2102"]
[BlackElo "2373"]
[EventDate "2015.??.??"]
[WhiteTitle "I++"]
[BlackTitle "FM"]

1.e4 c5 2.Nc3 e6 3.g3 d5 4.Bg2 dxe4 5.Nxe4 Nc6 6.d3 Be7 7.Be3 Nf6 8.Ne2 
Nd5 9.O-O Nxe3 10.fxe3 O-O 11.Nf4 Bd7 12.Rf2 Rc8 13.Qh5 f5 14.Nc3 Ne5 15.
e4 Qb6 16.Rd1 Qxb2 17.Ncd5 exd5 18.Nxd5 Bf6 19.c3 Qb5 20.exf5 Bc6 21.g4 h6
22.g5 hxg5 23.Re2 Rf7 24.Re3 g4 25.Nf4 Qa4 26.Rf1 Nf3+ 27.Rexf3 gxf3 28.
Ng6 Re7 29.Nxe7+ Bxe7 30.f6 Bxf6 31.Bh3 Re8 32.Bf5 Bd4+ 33.cxd4 Qxd4+ 34.
Kh1 f2+ 0-1

[Event "POL-chT3"]
[Site "Jastrzebia Gora POL"]
[Date "2015.??.??"]
[Round "4.26"]
[White "Maciejczak, Jakub"]
[Black "Reza, Wojciech"]
[Result "1/2-1/2"]
[WhiteElo "2355"]
[BlackElo "2272"]
[EventDate "2015.??.??"]
[WhiteTitle "FM"]
[BlackTitle "k+"]

1.Nf3 Nf6 2.g3 d5 3.Bg2 e6 4.c4 Be7 5.O-O O-O 6.d4 dxc4 7.Qc2 a6 8.a4 Nc6 
9.Qxc4 Qd5 10.Qd3 Qf5 11.Qb3 Rd8 12.e3 e5 13.Nxe5 Nxe5 14.dxe5 Qxe5 15.Nc3
Qh5 16.a5 Rb8 17.Ra4 Bd7 18.Rf4 Bd6 19.Rxf6 gxf6 20.Nd5 Kg7 21.Qc3 Qe5 22.
Qc2 Bf5 23.Qa4 c6 24.Nc3 Bc5 25.e4 Be6 26.Bf4 Qd4 27.Bxb8 Rxb8 28.Qc2 Bb4 
29.e5 Qxe5 30.Ne2 Rd8 31.Nf4 Rd2 32.Nxe6+ Qxe6 33.Qb1 Bxa5 34.Rd1 Rxd1+ 
35.Qxd1 Qe1+ 36.Qxe1 Bxe1 37.Bh3 a5 38.Bc8 b6 39.Bd7 c5 40.Bb5 Bd2 41.Kf1 
f5 42.Ke2 Bc1 43.b3 Kf6 44.Kd3 f4 45.Ke4 fxg3 46.hxg3 Kg5 47.Bd7 h5 48.Ke5
Bb2+ 49.Ke4 Bd4 50.f4+ Kf6 51.Bb5 Bf2 52.Be2 Kg6 53.Kf3 Be1 54.Kg2 h4 55.
gxh4 Bxh4 56.Kf3 f5 57.Bb5 Kf6 58.Bd7 Be1 59.Ke2 Bc3 60.Kd3 Bb2 61.Kc2 Ba3
62.Kd2 Bb4+ 63.Kd3 Ba3 64.Kd2 Bb2 65.Kc2 Ba1 66.Kd3 Bd4 67.Kd2 Bg1 68.Kd3 
Kg6 69.Be8+ Kg7 70.Bd7 Kf6 71.Ke2 Bd4 72.Kd3 Bb2 73.Kc2 Ba1 74.Kd3 Bd4 75.
Kd2 Bg1 76.Kd3 Ke7 77.Bxf5 b5 78.Bh7 Bd4 79.Bg8 Bg7 80.f5 Kd6 81.Bf7 Ke7 
82.Bd5 Kd7 83.Kc2 Bf6 84.Bf7 Ke7 85.Bd5 Kd6 86.Bf7 Kd7 87.Bd5 Kd6 88.Bf7 
Kc6 89.Be8+ Kb6 90.Bf7 Bg7 91.Be6 Bh8 92.Bf7 Bf6 93.Be6 a4 94.bxa4 bxa4 
95.Kd3 Kb5 96.Bf7 Kb4 97.Be6 Ka3 98.Kc2 Kb4 99.Kd3 1/2-1/2

[Event "POL-chT3"]
[Site "Jastrzebia Gora POL"]
[Date "2015.??.??"]
[Round "4.27"]
[White "Puczylowski, Marcin"]
[Black "Dudzinski, Pawel"]
[Result "1/2-1/2"]
[WhiteElo "2119"]
[BlackElo "2261"]
[EventDate "2015.??.??"]
[WhiteTitle "k"]
[BlackTitle "FM"]

1.d4 f5 2.Bg5 c6 3.c3 Qb6 4.Qb3 h6 5.Bf4 d6 6.h4 Nf6 7.Nf3 Qxb3 8.axb3 Be6
9.Nbd2 Nbd7 10.e3 g6 11.Bd3 Bg7 12.b4 O-O 13.O-O Bd5 14.Rfe1 a6 15.Bh2 Ng4
16.c4 Bxf3 17.gxf3 Nxh2 18.Kxh2 e5 19.Nb3 e4 20.Be2 Nf6 21.f4 h5 22.Kg3 
Rfc8 23.c5 d5 24.Ra2 Ne8 25.Rea1 Nc7 26.Nd2 Rab8 27.Nb3 Ne6 28.Bd1 Bf6 29.
Ra3 Bd8 30.Be2 Kf7 31.Bf1 Kf6 32.Be2 Kf7 33.Nd2 Bf6 34.Nb3 Bd8 35.Nd2 Bf6 
36.Nb3 Bd8 37.Nd2 1/2-1/2

[Event "POL-chT3"]
[Site "Jastrzebia Gora POL"]
[Date "2015.??.??"]
[Round "4.28"]
[White "Michalski, Filip"]
[Black "Zurkowski, Andrzej"]
[Result "0-1"]
[WhiteElo "2176"]
[BlackElo "2086"]
[EventDate "2015.??.??"]
[WhiteTitle "I"]
[BlackTitle "k+"]

1.d4 Nf6 2.c4 e5 3.dxe5 Ng4 4.Bf4 Bb4+ 5.Nd2 Nc6 6.Nf3 Qe7 7.a3 Ngxe5 8.
Nxe5 Nxe5 9.e3 Bxd2+ 10.Qxd2 O-O 11.Be2 d6 12.O-O b6 13.Qc3 Bb7 14.b4 Ng6 
15.Bg3 f5 16.Rfe1 a5 17.Rac1 axb4 18.axb4 c5 19.bxc5 dxc5 20.Rcd1 Rf6 21.
Bf1 Re6 22.Qd2 Re8 23.f3 Qg5 24.Qc3 Bc6 25.Kh1 h5 26.Bf2 h4 27.Qd2 h3 28.
Bg3 Qh5 29.Qf2 Nf8 30.Rd6 Rxd6 31.Bxd6 Ne6 32.Bg3 Ng5 33.e4 fxe4 34.f4 e3 
35.Rxe3 Ne4 36.Qe1 Nxg3+ 37.Kg1 Nxf1 38.Rxe8+ Qxe8 0-1

[Event "POL-chT3"]
[Site "Jastrzebia Gora POL"]
[Date "2015.??.??"]
[Round "4.29"]
[White "Kanarkiewicz, Michal"]
[Black "Ziabek, Patryk"]
[Result "0-1"]
[WhiteElo "2077"]
[BlackElo "2038"]
[EventDate "2015.??.??"]
[WhiteTitle "k"]
[BlackTitle "I+"]

1.e4 e5 2.Nf3 Nc6 3.Bb5 f5 4.d4 exd4 5.Nxd4 Nxd4 6.Qxd4 fxe4 7.Be2 Nf6 8.
Bg5 Be7 9.Nc3 d5 10.O-O-O c6 11.f3 exf3 12.gxf3 Bf5 13.Qe5 Qd7 14.h4 O-O-O
15.Qd4 Kb8 16.Qa4 Bc5 17.Ne4 Bxe4 18.fxe4 Qe6 19.Bd3 dxe4 20.Bxf6 Qxf6 21.
Qxe4 Rd4 22.Qf5 Qd6 23.Kb1 g6 24.Qf7 Rf4 25.Qb3 Rb4 26.Qf7 Rf8 27.Qxh7 
Rxb2+ 28.Kc1 Be3+ 29.Rd2 Rb1+ 30.Kxb1 Qb4+ 31.Kc1 Qxd2+ 32.Kb2 Qb4+ 0-1

[Event "POL-chT3"]
[Site "Jastrzebia Gora POL"]
[Date "2015.??.??"]
[Round "4.30"]
[White "Magnucka, Milena"]
[Black "Kasperek, Joanna"]
[Result "1/2-1/2"]
[WhiteElo "1950"]
[BlackElo "2051"]
[EventDate "2015.??.??"]
[WhiteTitle "WFM"]
[BlackTitle "k++"]

1.e4 c5 2.Nf3 Nc6 3.d4 cxd4 4.Nxd4 e5 5.Nb5 Nf6 6.N1c3 d6 7.Bg5 a6 8.Na3 
Be6 9.Nc4 Rc8 10.Ne3 Qb6 11.Rb1 Nxe4 12.Nxe4 h6 13.Bc4 Bxc4 14.Nxc4 Qb4+ 
15.Ncd2 hxg5 16.c3 Qb5 17.Qg4 Rd8 18.Qxg5 d5 19.Ng3 g6 20.Qf6 Rh7 21.Qf3 
e4 22.Qe2 Qxe2+ 23.Nxe2 Bd6 24.h3 f5 25.Nb3 Ne5 26.Kd2 Nd3 27.Rhf1 Rf7 28.
Kc2 Rc8 29.Rbd1 Be5 30.Nbc1 Nxc1 31.Kxc1 Rd7 32.Kb1 b5 33.Rd2 Kf7 34.Rfd1 
Ke6 35.Nd4+ Bxd4 36.Rxd4 g5 37.a4 f4 38.axb5 axb5 39.Rb4 Rc5 40.Kc2 Rh7 
41.Kd2 g4 42.hxg4 Rh2 43.Rg1 f3 44.gxf3 Rxf2+ 45.Kd1 exf3 46.g5 Rc4 47.g6 
Rg2 48.Rf1 Rxb4 49.cxb4 Rxb2 50.Rxf3 Rg2 51.Rc3 Rxg6 52.Rc5 Ke5 53.Rxb5 
Kd4 54.Ke2 Rg2+ 55.Kf3 Rb2 56.Rb8 Kc4 57.Rc8+ Kd3 58.Rc5 d4 59.b5 Kd2 60.
Ke4 d3 61.Kd5 Ke2 62.Kc6 d2 63.Rd5 Rc2+ 64.Kd7 Rb2 65.Kc6 Rc2+ 66.Kd7 d1=Q
67.Rxd1 Kxd1 68.b6 Rb2 69.Kc7 Rc2+ 70.Kd7 Rb2 71.Kc7 Rc2+ 1/2-1/2

[Event "POL-chT3"]
[Site "Jastrzebia Gora POL"]
[Date "2015.??.??"]
[Round "4.31"]
[White "Gumularz, Szymon"]
[Black "Walter, Szymon"]
[Result "1/2-1/2"]
[WhiteElo "2239"]
[BlackElo "2214"]
[EventDate "2015.??.??"]
[WhiteTitle "I++"]
[BlackTitle "k"]

1.d4 Nf6 2.Nf3 e6 3.g3 b5 4.Bg2 Bb7 5.O-O d5 6.a4 a6 7.axb5 axb5 8.Rxa8 
Bxa8 9.Qd3 b4 10.Bg5 Nbd7 11.Nbd2 Bd6 12.c4 bxc3 13.bxc3 O-O 14.c4 dxc4 
15.Nxc4 Bd5 16.Nfd2 Bxg2 17.Kxg2 Be7 18.Rb1 c5 19.dxc5 Nxc5 20.Qxd8 Rxd8 
21.Nf3 Nce4 22.Rb7 Kf8 23.Nce5 Nd5 24.Bxe7+ Nxe7 25.Rxe7 Kxe7 26.Nc6+ Ke8 
27.Nxd8 Kxd8 28.Ne5 Ke7 29.f3 Nd6 30.Nc6+ Kd7 31.Ne5+ Ke7 32.Nc6+ Kd7 33.
Ne5+ Ke7 34.Nc6+ 1/2-1/2

[Event "POL-chT3"]
[Site "Jastrzebia Gora POL"]
[Date "2015.??.??"]
[Round "4.32"]
[White "Zylka, Stanislaw"]
[Black "Piotrowski, Przemyslaw"]
[Result "0-1"]
[WhiteElo "2213"]
[BlackElo "2193"]
[EventDate "2015.??.??"]
[WhiteTitle "k"]
[BlackTitle "k"]

1.d4 c5 2.d5 e5 3.e4 d6 4.Nc3 Be7 5.Nf3 Bg4 6.h3 Bxf3 7.Qxf3 Bg5 8.Bxg5 
Qxg5 9.Nb5 Qd8 10.Qg4 Kf8 11.Nxd6 Nf6 12.Qc8 Qxc8 13.Nxc8 Nxe4 14.Bd3 Nd7 
15.Bxe4 Rxc8 16.Bf5 Rd8 17.Bxd7 Rxd7 18.O-O-O Ke7 19.Rhe1 Kd6 20.c4 Re7 
21.Kc2 f5 22.a3 b6 23.b4 Rc8 24.Kb3 a6 25.Rc1 Rec7 26.Red1 b5 27.cxb5 axb5
28.bxc5+ Rxc5 29.Rxc5 Rxc5 30.Kb4 e4 31.g4 g6 32.gxf5 gxf5 33.f4 Rxd5 34.
Rg1 Ke6 35.Rc1 Kf7 36.Rc7+ Kg6 37.Re7 Kf6 38.Rxh7 Rd4+ 39.Kxb5 e3 40.Rh6+ 
Kg7 41.Re6 Re4 42.Rc6 e2 43.Rc1 e1=Q 44.Rxe1 Rxe1 45.a4 Rb1+ 46.Ka6 Rb4 
47.a5 Rxf4 48.Kb5 Rf1 0-1

[Event "POL-chT3"]
[Site "Jastrzebia Gora POL"]
[Date "2015.??.??"]
[Round "4.33"]
[White "Perdek, Miroslaw"]
[Black "Kastelik, Adrian"]
[Result "1/2-1/2"]
[WhiteElo "2225"]
[BlackElo "2135"]
[EventDate "2015.??.??"]
[WhiteTitle "FM"]
[BlackTitle "I++"]

1.c4 c6 2.Nf3 d5 3.e3 Nf6 4.Nc3 e6 5.d4 Nbd7 6.Bd3 Bd6 7.O-O O-O 8.Qc2 
dxc4 9.Bxc4 e5 10.Bd2 exd4 11.exd4 Nb6 12.Bd3 Bg4 13.Ne5 Bh5 14.Rfe1 Bg6 
15.Bxg6 hxg6 16.Bg5 Qc7 17.Re2 Nfd5 18.Bh4 Nxc3 19.bxc3 Rae8 20.Rae1 Bxe5 
21.Rxe5 Rxe5 22.Rxe5 f6 23.Re1 Qf7 24.Qe2 Qc4 25.Qxc4+ Nxc4 26.Re7 Rf7 27.
Re8+ Rf8 28.Re7 Rf7 29.Re8+ Rf8 1/2-1/2

[Event "POL-chT3"]
[Site "Jastrzebia Gora POL"]
[Date "2015.??.??"]
[Round "4.34"]
[White "Dzierzak, Radoslaw"]
[Black "Nowak, Kamil"]
[Result "0-1"]
[WhiteElo "2168"]
[BlackElo "2133"]
[EventDate "2015.??.??"]
[WhiteTitle "I++"]
[BlackTitle "I+"]

1.e4 e5 2.Nf3 Nc6 3.Bb5 a6 4.Ba4 Nf6 5.d3 b5 6.Bb3 Be7 7.O-O d6 8.a4 Rb8 
9.axb5 axb5 10.h3 O-O 11.Re1 h6 12.Nc3 Be6 13.Nd5 Qd7 14.Bd2 Ra8 15.Bc3 
Rfb8 16.Qd2 Bd8 17.Rxa8 Rxa8 18.d4 exd4 19.Nxd4 Nxd4 20.Bxd4 Ne8 21.c4 c6 
22.Qe3 Qb7 23.Qg3 bxc4 24.Bxc4 cxd5 25.exd5 Qb4 26.Bc3 Qxc4 27.dxe6 fxe6 
28.Qg6 Bf6 29.Re3 Bxc3 30.bxc3 e5 31.Rg3 Qf7 32.Qxh6 Ra1+ 33.Kh2 Qxf2 34.
Qe6+ Qf7 35.Qc8 e4 36.Qg4 Nf6 37.Qc8+ Qe8 38.Qb7 Qd7 39.Qb2 Qa7 40.Rg5 
Qg1+ 41.Kg3 Qe3+ 42.Kh4 Qf4+ 43.g4 Rg1 44.Qb8+ Kh7 45.Rxg7+ Kxg7 46.Qa7+ 
Kg6 47.Qxg1 e3 0-1

[Event "POL-chT3"]
[Site "Jastrzebia Gora POL"]
[Date "2015.??.??"]
[Round "4.35"]
[White "Kolasinski, Krzysztof"]
[Black "Faron, Rafal"]
[Result "1/2-1/2"]
[WhiteElo "2087"]
[BlackElo "2033"]
[EventDate "2015.??.??"]
[WhiteTitle "I++"]
[BlackTitle "I++"]

1.d4 Nf6 2.c4 g6 3.Nc3 d5 4.Nf3 Bg7 5.g3 O-O 6.Bg2 dxc4 7.O-O c6 8.Ne5 Ng4
9.f4 Nxe5 10.fxe5 c5 11.dxc5 Qxd1 12.Rxd1 Bxe5 13.Bh6 Re8 14.Rac1 Nc6 15.
Nd5 Bg4 16.Rd2 Na5 17.Bf3 Bxf3 18.exf3 Rac8 19.Re1 Nc6 20.Kg2 e6 21.Rxe5 
Nxe5 22.Nf6+ Kh8 23.Nxe8 Rxe8 24.Rd4 Rc8 25.Be3 b5 26.cxb6 axb6 27.Rd6 Kg8
28.Rxb6 c3 29.Rb5 cxb2 30.Bd4 Nd3 31.Kh3 e5 32.Bxb2 Rc2 33.Bxe5 Nxe5 34.
Rxe5 Rxa2 35.g4 h6 36.Kg3 Kg7 37.h4 Ra3 38.Rb5 Rc3 39.Ra5 Rb3 40.Rc5 Ra3 
41.Rb5 1/2-1/2

[Event "POL-chT3"]
[Site "Jastrzebia Gora POL"]
[Date "2015.??.??"]
[Round "4.36"]
[White "Binkowska, Agata"]
[Black "Iwanow, Anna"]
[Result "0-1"]
[WhiteElo "1553"]
[BlackElo "2312"]
[EventDate "2015.??.??"]
[WhiteTitle "I++"]
[BlackTitle "WIM"]

1.e4 d5 2.exd5 Qxd5 3.Nc3 Qd6 4.d4 Nf6 5.Nf3 g6 6.Ne5 Bg7 7.Bf4 Qd8 8.Qd2 
O-O 9.O-O-O Nbd7 10.Be2 Nxe5 11.Bxe5 c6 12.h4 b5 13.Bf3 Qb6 14.h5 Be6 15.
d5 Rad8 16.Bxf6 exf6 17.Qf4 cxd5 18.Nxd5 Bxd5 19.Bxd5 f5 20.hxg6 hxg6 21.
Qh4 Rfe8 22.Rd3 Qc7 23.Rhd1 Rc8 24.c3 a5 25.Qg3 Qb6 26.Qf3 b4 27.c4 Qf6 
28.Rd4 a4 29.g4 a3 30.bxa3 Qg5+ 31.Rf4 Bh6 32.Rd4 Qf6 33.axb4 Qxd4 0-1

[Event "POL-chT3"]
[Site "Jastrzebia Gora POL"]
[Date "2015.??.??"]
[Round "4.37"]
[White "Zochowski, Kacper"]
[Black "Hnydiuk, Aleksander"]
[Result "0-1"]
[WhiteElo "2230"]
[BlackElo "2354"]
[EventDate "2015.??.??"]
[WhiteTitle "k"]
[BlackTitle "IM"]

1.e4 c5 2.Nf3 d6 3.d4 Nf6 4.Nc3 cxd4 5.Nxd4 a6 6.f4 e5 7.Nf3 Nbd7 8.Bc4 b5
9.Bb3 Be7 10.Nd5 O-O 11.Nxf6+ Bxf6 12.Qxd6 Bb7 13.Nxe5 Bxe5 14.fxe5 Qh4+ 
15.Kf1 Qxe4 16.Qd2 Nxe5 17.Qe2 Qg6 18.Bf4 Rfe8 19.Re1 Qf5 20.Qf2 Ng4 21.
Qg3 g5 22.h3 Rxe1+ 23.Kxe1 Re8+ 24.Kd2 Nf6 0-1

[Event "POL-chT3"]
[Site "Jastrzebia Gora POL"]
[Date "2015.??.??"]
[Round "4.38"]
[White "Helis, Tadeusz"]
[Black "Smieszek, Wojciech"]
[Result "1-0"]
[WhiteElo "2228"]
[BlackElo "2154"]
[EventDate "2015.??.??"]
[WhiteTitle "FM"]
[BlackTitle "k"]

1.Nf3 Nf6 2.c4 e6 3.g3 d5 4.Bg2 dxc4 5.Qc2 a6 6.O-O b5 7.a4 Bb7 8.Nc3 b4 
9.Nd1 Bd5 10.Ne3 b3 11.Qd1 Nc6 12.Nxd5 exd5 13.d3 Rb8 14.Bf4 Bd6 15.dxc4 
Bxf4 16.gxf4 dxc4 17.Qc1 Rb4 18.Ne5 Nxe5 19.fxe5 Ng4 20.Qf4 h5 21.h3 g5 
22.Qg3 Nh6 23.Bc6+ Kf8 24.Rfd1 Qe7 25.Rd7 h4 26.Qc3 Qc5 27.e6 Rh7 28.e7+ 
Ke8 29.Rxc7+ 1-0

[Event "POL-chT3"]
[Site "Jastrzebia Gora POL"]
[Date "2015.??.??"]
[Round "4.39"]
[White "Borawski, Jakub"]
[Black "Osipow, Nikolaj"]
[Result "1-0"]
[WhiteElo "2020"]
[BlackElo "2117"]
[EventDate "2015.??.??"]
[WhiteTitle "I++"]
[BlackTitle "k"]

1.e4 d5 2.exd5 Qxd5 3.Nc3 Qe5+ 4.Qe2 Qxe2+ 5.Bxe2 c6 6.Bc4 Nf6 7.Nge2 Nbd7
8.d4 Nb6 9.Bd3 Be6 10.Bf4 Bc4 11.O-O-O e6 12.Rhe1 O-O-O 13.a3 Bd6 14.Bxd6 
Rxd6 15.b3 Bxd3 16.Rxd3 Rhd8 17.Rg3 g6 18.Rf3 Nbd7 19.Rd1 e5 20.dxe5 Nxe5 
21.Rxd6 Rxd6 22.Rf4 Kd7 23.Ng3 Nd5 24.Nxd5 Rxd5 25.Ne4 Ke7 26.Nc3 Rc5 27.
Kd2 f5 28.Rd4 Ng4 29.f4 Ne3 30.Kxe3 Rxc3+ 31.Kd2 Rc5 32.c4 b5 33.b4 Rxc4 
34.Rxc4 bxc4 35.Kc3 Kd7 36.Kxc4 Kd6 37.Kd4 Ke6 38.h3 Kd6 39.h4 Ke6 40.Kc5 
Kd7 41.h5 Kc7 42.h6 Kd7 43.g3 Kc7 44.b5 cxb5 45.Kxb5 Kb7 46.Kc5 Kc7 47.Kd5
Kd7 48.a4 Kc7 49.Kc5 Kd7 50.Kd5 Kc7 51.Ke6 Kc6 52.Kf7 Kd7 53.a5 Kd6 54.Kg7
Ke7 55.Kxh7 Kf7 56.a6 1-0

[Event "POL-chT3"]
[Site "Jastrzebia Gora POL"]
[Date "2015.??.??"]
[Round "4.40"]
[White "Szmyd, Arkadiusz"]
[Black "Czaplewska, Klara"]
[Result "1-0"]
[WhiteElo "2137"]
[BlackElo "1914"]
[EventDate "2015.??.??"]
[WhiteTitle "k"]
[BlackTitle "I++"]

1.e4 e5 2.Nc3 Nf6 3.f4 d6 4.Nf3 Nc6 5.Bb5 exf4 6.d4 Bd7 7.Bxf4 Be7 8.d5 
Nb8 9.Bd3 Bg4 10.h3 Nh5 11.Be3 Bh4+ 12.Kd2 Bxf3 13.Qxf3 Ng3 14.Rhe1 Nd7 
15.Bb5 g6 16.Qg4 f5 17.exf5 Nxf5 18.Bg5+ Bxe1+ 19.Rxe1+ 1-0

[Event "POL-chT3"]
[Site "Jastrzebia Gora POL"]
[Date "2015.??.??"]
[Round "4.41"]
[White "Dmochowska, Agnieszka"]
[Black "Knopik, Krzysztof"]
[Result "1-0"]
[WhiteElo "1973"]
[BlackElo "2150"]
[EventDate "2015.??.??"]
[WhiteTitle "WCM"]
[BlackTitle "k"]

1.e4 e5 2.Nf3 Nc6 3.Bb5 a6 4.Bxc6 dxc6 5.O-O Bg4 6.h3 h5 7.d3 Qf6 8.Nbd2 
Bd6 9.Re1 Bxf3 10.Nxf3 c5 11.c3 Qe7 12.d4 cxd4 13.cxd4 O-O-O 14.Qc2 Bb4 
15.Rd1 exd4 16.Bf4 f6 17.Rac1 Bd6 18.e5 fxe5 19.Bxe5 Nf6 20.Bxd6 Rxd6 21.
Nxd4 Rhd8 22.Re1 Qf7 23.Nf5 Rd2 24.Ne7+ Kb8 25.Qxc7+ Ka8 26.Qb6 R2d6 27.
Qc5 b6 28.Qa3 1-0

[Event "POL-chT3"]
[Site "Jastrzebia Gora POL"]
[Date "2015.??.??"]
[Round "4.42"]
[White "Gonsior, Monika"]
[Black "Burakowska, Gabriela"]
[Result "1/2-1/2"]
[WhiteElo "1952"]
[BlackElo "1783"]
[EventDate "2015.??.??"]
[WhiteTitle "m"]
[BlackTitle "I++"]

1.e4 c5 2.Nf3 e6 3.d4 cxd4 4.Nxd4 Nc6 5.Nxc6 bxc6 6.c4 Bc5 7.Nc3 e5 8.Be2 
Nf6 9.O-O O-O 10.Kh1 d6 11.Bg5 Rb8 12.Qc2 Bd4 13.Rad1 h6 14.Bh4 g5 15.Bg3 
Nd7 16.Na4 c5 17.Nc3 Nb6 18.Nb5 a6 19.Nxd4 cxd4 20.Bd3 Nd7 21.Qe2 Nc5 22.
Bb1 Qf6 23.f3 Be6 24.b3 Qg6 25.Be1 Rfc8 26.g3 Qh5 27.Qd2 Kh7 28.Rc1 Rb7 
29.Qa5 Nxb3 30.axb3 Rxb3 31.g4 Qh3 32.Bg3 Rb2 33.Rg1 h5 34.gxh5 Qxh5 35.
Qa3 Rcb8 36.Bc2 Bxc4 37.Bd1 Be2 38.Bxe2 Rxe2 39.Rg2 Rbb2 40.Rxe2 Rxe2 41.
Rf1 Qh3 42.Rg1 Qe6 43.Qxa6 Re3 44.Kg2 Qf6 45.Rf1 Rc3 46.Rf2 Qg6 47.h3 Kg7 
48.Rd2 Qf6 49.Rf2 Qd8 50.Rd2 Qc7 51.Bf2 Rb3 52.Qe2 Qb7 53.h4 Qe7 54.hxg5 
Qxg5+ 55.Bg3 Re3 56.Qd1 Rc3 57.Rc2 Qe3 58.Rxc3 dxc3 1/2-1/2